Il diritto di essere io /
সংরক্ষণ করুন:
| প্রধান লেখক: | |
|---|---|
| বিন্যাস: | গ্রন্থ |
| ভাষা: | ইতালিয় |
| প্রকাশিত: |
Roma ; Bari : [Roma] :
Laterza GLF ; La repubblica,
2014
|
| মালা: | iLibra
|
| বিষয়গুলি: | |
| ট্যাগগুলো: |
কোনো ট্যাগ নেই, প্রথমজন হিসাবে ট্যাগ করুন!
|
MARC
| LEADER | 00000nam a2200000 i 4500 | ||
|---|---|---|---|
| 001 | IT\ICCU\CFI\0893641 | ||
| 003 | ItRI | ||
| 005 | 20241223163952.0 | ||
| 008 | 140519s2014 it |||||| ||||| |||||c | ||
| 015 | |2 IT |a 2014-2452 | ||
| 020 | |a 9788858112366 (Laterza GLF) | ||
| 040 | |b ita |c ARCIGAY RIMINI | ||
| 041 | 7 | |a ita |2 ISO-639-2 | |
| 082 | |a 323 |2 23 | ||
| 100 | 1 | |a Marzano, Michela |0 IT\ICCU\MODV\175464 | |
| 240 | 1 | 3 | |a Il diritto di essere io |9 Marzano, Michela |
| 245 | 1 | 3 | |a Il diritto di essere io / |c Michela Marzano. |
| 260 | |a Roma ; |a Bari : |b Laterza GLF ; |a [Roma] : |b La repubblica, |c 2014 | ||
| 300 | |a VI, 135 p. ; |c 20 cm | ||
| 650 | 7 | |a DIRITTI CIVILI | |
| 830 | 0 | |a iLibra |0 IT\ICCU\RAV\2001585 | |
| 942 | |2 ddc |c BK | ||
| 952 | |0 0 |1 0 |2 ddc |4 0 |6 323_230000000000000_MAR_DIR |7 1 |9 2309 |a RN |b RN |d 2024-12-23 |l 0 |o 323.23 MAR DIR |p 9762 |r 2024-12-23 16:40:17 |w 2024-12-23 |y BK | ||
| 981 | 1 | |6 z01 |a i |b xxxe | |
| 982 | 1 | |6 z01 |a n | |
| 999 | |c 2018 |d 2018 | ||